| 000 | 00550nam a2200169Ia 4500 | ||
|---|---|---|---|
| 008 | 180921t2017 xxu||||| |||| 00| 0 sin d | ||
| 041 | _asin | ||
| 080 |
_a22/23 _bDHA |
||
| 100 | _aDharmadasa, Shanthi | ||
| 245 | _aපිපෙන පොහොට්ටු : අළුත් ඇසෙකින් ළමා ලොව දකින්නට | ||
| 246 | _aPipena Pohottu : Aluth Asekin Lama Lowa Dakinnata | ||
| 260 |
_bGlobel Impact _aColombo _c2017 |
||
| 300 | _b71p, 21cm | ||
| 942 | _cBK | ||
| 999 |
_c1365 _d1365 |
||
| 003 | LK-CoDNM | ||
| 040 |
_aLK-CoDNM _dLK-CoDNM _eLK-CoDNM |
||